LEADER 01117nam2 22003013i 450 001 MIL0101283 005 20231121125533.0 100 $a20200731d1972 ||||0itac50 ba 101 | $aita 102 $ait 181 1$6z01$ai $bxxxe 182 1$6z01$an 200 1 $a˜3: œMetafisica dei costumi$fNicolai Hartmann 210 $aNapoli$cGuida$d1972 215 $a256 p.$d22 cm 225 | $aEsperienze$v1.3 410 0$1001CFI0018301$12001 $aEsperienze$v1.3 461 1$1001MIL0101212$12001 $aEtica$fNicolai Hartmann$g(a cura di V. Filippone Thaulero)$v3 700 1$aHartmann$b, Nicolai$3BVEV001402$4070$0158986 801 3$aIT$bIT-01$c20200731 850 $aIT-RM0418 $aIT-FR0017 899 $aBIBLIOTECA ACCADEMIA NAZ. DEI LINCEI E CORSINIANA$bRM0418 899 $aBiblioteca umanistica Giorgio Aprea$bFR0017 912 $aMIL0101283 950 2$aBiblioteca umanistica Giorgio Aprea$d 52MAG 5/1870.3$e 52MAG0000041395 VMB RS $fA $h20200731$i20200731 977 $a 10$a 52 996 $aMetafisica dei costumi$91724897 997 $aUNICAS LEADER 01107nas# 22002891i 450 001 UON00237781 005 20231205103533.984 011 $aPT03-559243 017 70$2P$aPT03559243 100 $a20030730b19311939 |0itac50 ba 101 $amul 102 $aFR 105 $a|||| 1|||| 110 $aaX||||||||| 200 1 $aNovyj Grad 210 $a1 (1931)-14 (1939) 215 $aParis$cSocieté Nouvelle d'Editions Franco-Slaves, 1931-1939. 316 $avalore stimato$5IT-UONSI PER DUOMOB456/1932 620 $aFR$dParis$3UONL002984 676 $a057.1$cSeriali in russo$v22 712 $aSocieté Nouvelle d'Editions Franco-Slaves$3UONV286856$4650 801 $aIT$bSOL$c20240220$gRICA 899 $aSIBA - SISTEMA BIBLIOTECARIO DI ATENEO$2UONSI$41932-1938. Lac.: 1932;1935;$cPER DUOMO B 456 bis ; 912 $aUON00237781 950 $aSIBA - SISTEMA BIBLIOTECARIO DI ATENEO$bSI 1932-1938. Lac.: 1932;1935;$dSI PER DUOMO B 456 1932 $eSI EO 8023 7 1932 valore stimato 996 $aNovyj Grad$91324281 997 $aUNIOR